000 02062cas a2200589 a 4500
001 data
005 20260322212120.0
008 data
010 _a 87640680
019 _a1052667469
022 0 _a1088-2936
_21
023 0 _a1088-2936
_21
035 _a(OCoLC)10170027
040 _aOCO
_beng
_cOCO
_dOCLCQ
_dNST
_dDLC
_dNST
_dNSD
_dOCLCQ
_dOCLCF
_dOCLCO
_dJDP
_dOCLCO
_dOCLCA
_dOCLCQ
_dOCLCL
_dOCLCQ
042 _ansdp
_ansdp
050 0 0 _aTX1
_b.H55
082 0 0 _a641.5/68
_219
_1https://id.oclc.org/worldcat/ddc/E3fgjfgpWCgHHjdMcmcK6qdKFH
210 0 _aHoliday cook.
222 0 _aHoliday cooking
245 0 0 _aHoliday cooking.
246 1 3 _aBetter homes and gardens holiday cooking
_f<1995->
246 1 8 _aHoliday cookbook
_f1983
260 _aDes Moines, Iowa :
_bSpecial Interest Publications,
_c1983-
300 _avolumes :
_billustrations ;
_c28 cm.
310 _aAnnual
336 _atext
_btxt
_2rdacontent
337 _aunmediated
_bn
_2rdamedia
338 _avolume
_bnc
_2rdacarrier
362 0 _a1983-
490 1 _aBetter homes and gardens creative ideas
490 1 _aBetter homes and gardens special interest publications
588 _aLatest issue consulted: 1995.
650 0 _aCooking
_vPeriodicals.
650 0 _aChristmas cooking
_vPeriodicals.
650 0 _aCooking.
650 0 _aChristmas cooking.
650 7 _aChristmas cooking.
_2fast
_0(OCoLC)fst01752988
650 7 _aCooking.
_2fast
_0(OCoLC)fst01754966
655 7 _aPeriodicals.
_2fast
_0(OCoLC)fst01411641
655 7 _aPeriodicals.
_2lcgft
780 0 0 _tHoliday cooking and entertaining ideas
_x0278-7237
_w(OCoLC)5762464
_w(OCoLC)5762464
830 0 _aBetter homes and gardens creative ideas.
830 0 _aBetter homes and gardens special interest publications.
906 _a7
_bcbc
_cserials
_d3
_encip
_f19
_gn-oclcserc
590 _aSERBIB/SERLOC merged record
890 _aHoliday cooking.
_i87-640680
920 _aKeep 1
991 _bc-GenColl
_hTX1
_i.H55
_wSERIALS
992 _bB/L
_wSERLOC
999 _c1841
_d1841